000 00591nam a2200217Ia 4500
003 OSt
005 20220928144532.0
006 a|||||r|||| 00| 0
007 ta
008 220927b |||||||| |||| 00| 0 eng d
024 _a71463
037 _cTextual
040 _aSDCL
_cSDCL
_beng
041 _2eng
_aeng
082 _aR2, M2
100 _aAdorno Theodor W
_9392120
245 0 _aAgainst epistemology
_b A metacritque studies in Husserl and the phenomenological antinomies.
260 _c1982
942 _hR2, M2
_cTEXL
_2CC
999 _c827641
_d827641